| 000 | 00428nam a2200193Ia 4500 | ||
|---|---|---|---|
| 003 | OSt | ||
| 005 | 20251125155301.0 | ||
| 008 | 250729s1913 xx 000 0 und d | ||
| 020 | _aB00085XEBO | ||
| 040 | _cAL | ||
| 041 | _aeng | ||
| 082 | _a900 SYMR | ||
| 100 |
_aSymon J D _9224858 |
||
| 245 | _aRenaissance & its makers | ||
| 260 |
_aLondon _c1913 |
||
| 300 | _a456p | ||
| 650 |
_aHistory _9224859 |
||
| 942 |
_2ddc _cBED |
||
| 999 |
_c236624 _d236624 |
||